000 00686nam a22002057a 4500
999 _c20208
_d20208
003 AR-CdUCM
008 190527b ||||| |||| 00| 0 spa d
020 _a84-7232-120-7
040 _aMUNICIPALIDAD PROVINCIAL DEL CUSCO
_cBIBLIOTECA MUNICIPAL DEL CUSCO
082 _a800 /
_bR93
100 _aRuiz Fornells, Enrique
_942240
245 _aLas concordancias de El Ingenioso Hidalgo Don Quijote de la Mancha /
260 _aMadrid :
_bCultura hispanica,
_c1980.
300 _a663 páginas ;
_c33 cm.
505 _aContenido : Concordancias del Quijote, letras B,C Y CH, completas.
650 _aQuijote
_95500
650 _aCervantes
_910750
942 _2ddc
_cLIBROS
945 _aAndy